Ancient Israel : (Record no. 8517)

MARC details
000 -LEADER
fixed length control field 02399nam a22001937a 4500
003 - CONTROL NUMBER IDENTIFIER
control field GBCCL
005 - DATE AND TIME OF LATEST TRANSACTION
control field 20241126110652.0
008 - FIXED-LENGTH DATA ELEMENTS--GENERAL INFORMATION
fixed length control field 210311b ||||| |||| 00| 0 eng d
020 ## - INTERNATIONAL STANDARD BOOK NUMBER
International Standard Book Number 0800637674 (alk. paper)
040 ## - CATALOGING SOURCE
Transcribing agency GBC
082 ## - DEWEY DECIMAL CLASSIFICATION NUMBER
Classification number 221.67
Item number ANC
245 ## - TITLE STATEMENT
Title Ancient Israel :
Remainder of title the Old Testament in its social context /
Statement of responsibility, etc. edited by Philip F. Esler.
260 ## - PUBLICATION, DISTRIBUTION, ETC.
Place of publication, distribution, etc. Minneapolis :
Name of publisher, distributor, etc. Fortress,
Date of publication, distribution, etc. 2006.
300 ## - PHYSICAL DESCRIPTION
Extent xvii, 420 p. ;
Dimensions 24 cm
505 ## - FORMATTED CONTENTS NOTE
Formatted contents note Social-scientific models in biblical interpretation / Philip F. Esler -- The social-scientific analysis of the Old Testament : a brief history and overview / Philip F. Esler & Anselm Hagedorn -- Tribalism: social organization in the Biblical Israels / Robert Coote -- Polygyny: insights from rural Haiti / Carolyn Leeb -- Sacrifice: the ritual for the leper in Leviticus 14 / Adriana Destro & Mauro Pesce -- Reciprocity: covenantal exchange as a test case / Zeba Crook -- Wealth: how Abraham became rich / Gary Stansell -- Prophecy: Joseph Smith and the gestalt of the Israelite prophet / Lester Grabbe -- Barrenness: trance as a protest strategy / Dietmar Neufeld -- Micah: models matter : political economy and Micah 6:9-15 / Marvin Chaney -- Deuteronomy: shameful encroachment on shameful parts : Deuteronomy 25:11-12 and biblical euphemism / John H. Elliott -- Judges: (Dis)honor and ritual enactment, the Jephthah story Judges 10:16-12:1 / Richard E. DeMaris & Carolyn Leeb -- 2 Samuel: David and the Ammonite War : a narrative and social-scientific interpretation of 2 Samuel 10-12 / Philip F. Esler -- Ezekiel: an altered state of consciousness experience, the call of Ezekiel: Ezekiel 1-3 / John Pilch -- Nahum: ethnicity and stereotypes: anthropological insights into Nahum's literary history / Anselm Hagedorn -- Maccabees: Symbolic wars and age-sets: the anthropology of war in 1 Maccabees / Mario Aguilar -- Qumran: the prototypical teacher in the Qumran Pesharim : a social identity approach / Jutta Jokiranta -- Bible hermeneutics: Marcion's truth and a developmental perspective / Douglas E. Oakman -- Interfaith dialogue: challenging the received view / Bruce J. Malina -- Psychology: Moses and monotheism: the future of Freud's illusion / Andrew D.H. Mayes.
650 ## - SUBJECT ADDED ENTRY--TOPICAL TERM
Topical term or geographic name entry element Bible.
Form subdivision Old Testament
General subdivision Social scientific criticism
Chronological subdivision Congresses.
9 (RLIN) 14977
650 ## - SUBJECT ADDED ENTRY--TOPICAL TERM
Topical term or geographic name entry element Sociology, Biblical
Form subdivision Congresses.
9 (RLIN) 14978
942 ## - ADDED ENTRY ELEMENTS (KOHA)
Source of classification or shelving scheme Dewey Decimal Classification
Koha item type Books
Koha issues (borrowed), all copies 1
Holdings
Withdrawn status Lost status Source of classification or shelving scheme Damaged status Not for loan Home library Current Library Shelving location Date acquired Total checkouts Full call number Barcode Date last seen Date last checked out Copy number Price effective from Koha item type
    Dewey Decimal Classification     GRACE BIBLE COLLEGE GRACE BIBLE COLLEGE Biblical Studies 2021-03-11 2 221.67 ANC 020151 2025-09-19 2025-09-18 c.1 2021-03-11 Books
© Grace Bible College Library 2025